000
00333nam a2200133Ia 4500
008
220216s9999 xx 000 0 und d
100
_a
Bader H F
245
0
_a
What are the benefits of NR and neoprene latex blend ?
260
_b
Rubber Asia
_c
1997
300
_a
57
650
_a
Neoprene latex blend
650
_a
NR
942
_c
JS
999
_c
72364
_d
72364